Materiales y construcción / (Registro nro. 755)

Detalles MARC
000 -LEADER
campo de control de longitud fija 01712nam a22003617a 4500
001 - NÚMERO DE CONTROL
campo de control 42835
003 - IDENTIFICADOR DE NÚMERO DE CONTROL
campo de control gtgccic
005 - FECHA Y HORA DE LA ÚLTIMA TRANSACCIÓN
campo de control 20250804112221.0
007 - CAMPO FIJO DE DESCRIPCIÓN FÍSICA--INFORMACIÓN GENERAL
campo de control de longitud fija ta
008 - DATOS DE LONGITUD FIJA--INFORMACIÓN GENERAL
campo de control de longitud fija 250731b mx ||||| |||| 00| 0 spa d
020 ## - NÚMERO INTERNACIONAL ESTÁNDAR DEL LIBRO
Número Internacional Estándar del Libro 968243615
040 ## - FUENTE DE CATALOGACIÓN
Centro catalogador/agencia de origen gtgccic
Lengua de catalogación spa
Centro/agencia transcriptor gtgccic
Centro/agencia modificador gtgccic
Normas de descripción rda
082 ## - NÚMERO DE LA CLASIFICACIÓN DECIMAL DEWEY
Número de clasificación 691 D333
100 1# - ENTRADA PRINCIPAL--NOMBRE DE PERSONA
Nombre de persona Gaspar de la Garza
Término indicativo de función/relación Autor
245 ## - MENCIÓN DEL TÍTULO
Título Materiales y construcción /
Mención de responsabilidad, etc. Garza, Gaspar de la
264 ## - PRODUCCIÓN, PUBLICACIÓN, DISTRIBUCIÓN, FABRICACIÓN Y COPYRIGHT
Producción, publicación, distribución, fabricación y copyright México :
Nombre del de productor, editor, distribuidor, fabricante Editorial Trillas ;
Fecha de producción, publicación, distribución, fabricación o copyright 1991.
300 ## - DESCRIPCIÓN FÍSICA
Extensión 117 p. :
Otras características físicas il.
Dimensiones 27 cm
336 ## - TIPO DE CONTENIDO
Fuente rdacontenido
Término de tipo de contenido texto
Código de tipo de contenido txt
337 ## - TIPO DE MEDIO
Fuente rdamedio
Nombre/término del tipo de medio sin mediación
Código del tipo de medio n
338 ## - TIPO DE SOPORTE
Fuente rdasoporte
Nombre/término del tipo de soporte volumen
Código del tipo de soporte nc
505 ## - NOTA DE CONTENIDO CON FORMATO
Información miscelánea Cap. 1.
Título ESTUDIOS PRELIMINARES
505 ## - NOTA DE CONTENIDO CON FORMATO
Información miscelánea Cap. 2.
Título TRABAJOS INICIALES DE LA CONSTRUCCIÓN
505 ## - NOTA DE CONTENIDO CON FORMATO
Información miscelánea Cap. 3.
Título TRASMISIÓN DE CARGAS A LA CIMENTACIÓN
505 ## - NOTA DE CONTENIDO CON FORMATO
Información miscelánea Cap. 4.
Título ESTRUCTURAS
505 ## - NOTA DE CONTENIDO CON FORMATO
Información miscelánea Cap. 5.
Título APLICACIÓN DE MATERIALES EN LA OBRA
505 ## - NOTA DE CONTENIDO CON FORMATO
Información miscelánea Cap. 6.
Título ESPECIFICACIONES DE CONSTRUCCIÓN
505 ## - NOTA DE CONTENIDO CON FORMATO
Información miscelánea Apéndice
Título CÁLCULO DE LOSAS
520 ## - RESUMEN, ETC.
Sumario, etc. Construir con seguridad, confort, funcionalidad y estética, es una necesidad de toda ciudad moderna, ¿pero qué elementos influyen en el tipo de construcción que se pretende erigir?, cuál es el sistema constructivo idóneo?, ¿qué clase de cimentación se debe hacer? Las respuestas a estas y otras interrogantes por el estilo, se encuentran en Materiales y construcción, un texto cuyo propósito es familiarizar a los estudiantes de ingeniería, así como al personal técnico que trabaja en la construcción, con los conocimientos necesarios para iniciar y guiar una obra.
650 ## - PUNTO DE ACCESO ADICIONAL DE MATERIA--TÉRMINO DE MATERIA
Término de materia o nombre geográfico como elemento de entrada MATERIALES
650 ## - PUNTO DE ACCESO ADICIONAL DE MATERIA--TÉRMINO DE MATERIA
Término de materia o nombre geográfico como elemento de entrada INGENIERÍA DE LA CONSTRUCCIÓN
942 ## - ELEMENTOS DE ENTRADA SECUNDARIOS (KOHA)
Fuente de la clasificación o esquema de estantería Clasificación Decimal Dewey
Tipo de ítem Koha Libros
Suprimir en OPAC No
945 ## - PROCESAMIENTO DE INFORMACIÓN LOCAL (OCLC)
a amlo
Existencias
Estatus retirado Estado de pérdida Fuente de la clasificación o esquema de estantería Estado de daño No para préstamo Biblioteca de origen Biblioteca actual Ubicación en estantería Fecha de adquisición Fuente de adquisición Número de inventario Total de préstamos Signatura topográfica completa Código de barras Visto por última vez Copia número Precio de reemplazo Tipo de ítem Koha
    Clasificación Decimal Dewey     CENTRO DE INFORMACIÓN A LA CONSTRUCCIÓN-CICON CENTRO DE INFORMACIÓN A LA CONSTRUCCIÓN-CICON Colección general 31/07/2025 compra 8.3.01.H.10471/2002   691 D333 Cicon8.3.01.H.10471/ 31/07/2025 1 31/07/2025 Libros